00405nam a2200157Ia 4500001000500000005001700005008004100022041000800063082001500071100003000086245007800116260000900194300002800203650000800231654000800239896220260306160648.0260306t2012||||xx |||||||||||||| ||spa|| aESP a372.1bR31 aRenom Plana, AgnéseAUT 0aEducación emocional. Programa para educación primaria (6 - 12 años) c2012 a294 páginas :c24 cm. aGEN aCED